| 000 | 01220 a2200325 4500 | ||
|---|---|---|---|
| 001 | 200001129 | ||
| 999 |
_c200001129 _d25064 |
||
| 003 | TR-AnTOB | ||
| 005 | 20230818153930.0 | ||
| 008 | 160701s2007 ko | ||
| 020 | _a9781599660288 | ||
| 040 | _aTR-AnTOB | ||
| 041 | _aeng | ||
| 050 | 1 | 4 |
_aPE _bEXA TIBT COM SHA1 2007 |
| 090 | _aPE EXA TIBT COM SHA1 2007 | ||
| 100 |
_aZeter Jeff _969149 |
||
| 245 | 1 | 0 |
_aSharpening skills for the TOEFL IBT : _bfour practise test / _cPaul Edmunds, Nancie McKinnon, Jeff Zeter. |
| 246 | 3 | 0 | _aTOEFL iBT. |
| 264 | 1 |
_a[Los Angeles, CA] : _bCompass Pub., _cc2007. |
|
| 300 |
_a272 p. : _bill. ; _c28 cm. _e+ 4 CD-ROM |
||
| 500 | _a"Compass tests, TOEFL preparation"--Cover. | ||
| 650 | 0 |
_aTest of English as a Foreign Language _vStudy guides _967705 |
|
| 650 | 7 |
_aTOEFL _vÇalışma kılavuzları _2etuturkob _957468 |
|
| 650 | 0 |
_aEnglish language _vTextbooks for foreign speakers _967636 |
|
| 650 |
_aİngiliz dili _xSınavlar _vÇalışma kılavuzları _969126 |
||
| 650 | 0 |
_aEnglish language _xExaminations _vStudy guides _967557 |
|
| 650 | 7 |
_aİngiliz dili _vDers kitapları, Yabancılar için _2etuturkob _917653 |
|
| 700 | 1 |
_aPederson, Michael _969296 |
|
| 710 | 2 |
_aEducational Testing Service _925710 |
|
| 942 | _cMX | ||